The rock manual (Record no. 107240)
[ view plain ]
| 000 -LEADER | |
|---|---|
| fixed length control field | 01392cam a22002775a 4500 |
| 001 - CONTROL NUMBER | |
| control field | L138734 |
| 008 - FIXED-LENGTH DATA ELEMENTS--GENERAL INFORMATION | |
| fixed length control field | 070706s2007 xxkado f f 001 0 eng d |
| 020 ## - INTERNATIONAL STANDARD BOOK NUMBER | |
| International Standard Book Number | 9780860176831 |
| 035 ## - SYSTEM CONTROL NUMBER | |
| System control number | (Sirsi) u138734 |
| 041 0# - LANGUAGE CODE | |
| Language code of text/sound track or separate title | eng |
| 050 04 - LIBRARY OF CONGRESS CALL NUMBER | |
| Classification number | 627 $2 18 |
| 110 2# - MAIN ENTRY--CORPORATE NAME | |
| Corporate name or jurisdiction name as entry element | Construction Industry Research and Information Association |
| 9 (RLIN) | 4810 |
| 245 04 - TITLE STATEMENT | |
| Title | The rock manual |
| Remainder of title | the use of rock in hydraulic engineering |
| 250 ## - EDITION STATEMENT | |
| Edition statement | 2nd ed. |
| 260 ## - PUBLICATION, DISTRIBUTION, ETC. | |
| Place of publication, distribution, etc. | CIRIA |
| Name of publisher, distributor, etc. | London |
| Date of publication, distribution, etc. | 2007 |
| 300 ## - PHYSICAL DESCRIPTION | |
| Extent | xxxvi, 1268p. |
| Other physical details | ill. |
| Dimensions | 30cm. |
| Accompanying material | 1 CD-ROM |
| 505 2# - FORMATTED CONTENTS NOTE | |
| Formatted contents note | Introduction -- Planning and designing rock works -- Materials -- Physical site conditions and data collection -- Physical processes and design tools -- Design of marine structures -- Design of closure works -- Design of river and canal structures -- Construction -- Monitoring, inspection and maintenance and repair. |
| 520 ## - SUMMARY, ETC. | |
| Summary, etc. | Provides guidance to help ensure that projects are environmentally friendly and sustainable. Brings together research and technical information with practical experience. |
| 590 ## - LOCAL NOTE (RLIN) | |
| Local note | ka |
| 651 #4 - SUBJECT ADDED ENTRY--GEOGRAPHIC NAME | |
| Geographic name | International |
| 690 ## - LOCAL SUBJECT ADDED ENTRY--TOPICAL TERM (OCLC, RLIN) | |
| Topical term or geographic name as entry element | BUILT ENVIRONMENT-ENGINEERING-CIVIL ENGINEERING |
| 690 ## - LOCAL SUBJECT ADDED ENTRY--TOPICAL TERM (OCLC, RLIN) | |
| Topical term or geographic name as entry element | BUILT ENVIRONMENT-BUILDING MATERIALS-STONE |
| 710 1# - ADDED ENTRY--CORPORATE NAME | |
| Corporate name or jurisdiction name as entry element | France |
| Subordinate unit | Ministere de l'Equipment des Transports du Logement du Tourisme et de la Mer |
| 9 (RLIN) | 5326 |
| 710 1# - ADDED ENTRY--CORPORATE NAME | |
| Corporate name or jurisdiction name as entry element | Netherlands |
| Subordinate unit | CUR building and infrastructure |
| 9 (RLIN) | 5327 |
| 942 ## - ADDED ENTRY ELEMENTS (KOHA) | |
| Suppress in OPAC | 0 |
| Withdrawn status | Lost status | Source of classification or shelving scheme | Damaged status | Not for loan | Home library | Current library | Shelving location | Date acquired | Total Checkouts | Full call number | Barcode | Date last seen | Copy number | Price effective from | Koha item type |
|---|---|---|---|---|---|---|---|---|---|---|---|---|---|---|---|
| Dewey Decimal Classification | London | London | Folio | 24/08/2007 | F627 CON | 30074002 | 06/08/2019 | 1 | 06/08/2019 | Book |